[Event "MPJ C18"]
[Site "?"]
[Date "2016.03.17"]
[Round "6.1"]
[White "Tomczak, Mikolaj"]
[Black "Jarmula, Lukasz"]
[Result "*"]
[LiveChessVersion "1.4.8"]
[BlackElo "2387"]
[WhiteElo "2308"]

1. Nf3 {[%clk 1:30:58]} Nf6 {[%clk 1:30:53]} 2. c4 {[%clk 1:31:24]} e6
{[%clk 1:31:09]} 3. Nc3 {[%clk 1:31:36]} b6 {[%clk 1:31:30]} 4. d4
{[%clk 1:30:40]} Bb4 {[%clk 1:31:46]} 5. Bg5 {[%clk 1:29:14]} h6 {[%clk 1:30:56]}
6. Bh4 {[%clk 1:29:05]} g5 {[%clk 1:31:01]} 7. Bg3 {[%clk 1:29:23]} Ne4
{[%clk 1:31:15]} 8. Rc1 {[%clk 1:29:06]} Bb7 {[%clk 1:30:52]} 9. e3
{[%clk 1:28:51]} Bxc3+ {[%clk 1:28:06]} 10. bxc3 {[%clk 1:29:15]} d6
{[%clk 1:26:28]} 11. Nd2 {[%clk 1:26:56]} Nxg3 {[%clk 1:25:40]} 12. hxg3
{[%clk 1:27:04]} Nd7 {[%clk 1:24:46]} 13. e4 {[%clk 1:21:15]} Qf6
{[%clk 1:18:48]} 14. Qa4 {[%clk 1:17:19]} c5 {[%clk 1:11:58]} 15. d5
{[%clk 1:16:34]} h5 {[%clk 1:09:28]} 16. Be2 {[%clk 1:01:06]} h4 {[%clk 1:07:36]}
*

[Event "MPJ C18"]
[Site "?"]
[Date "2016.03.17"]
[Round "6.2"]
[White "Niekras, Dawid"]
[Black "Karwowski, Kacper"]
[Result "0-1"]
[LiveChessVersion "1.4.8"]
[BlackElo "2127"]
[WhiteElo "2271"]

1. e4 {[%clk 1:30:58]} c5 {[%clk 1:30:56]} 2. Nf3 {[%clk 1:31:24]} e6
{[%clk 1:31:21]} 3. d4 {[%clk 1:31:49]} cxd4 {[%clk 1:31:47]} 4. Nxd4
{[%clk 1:32:15]} Nc6 {[%clk 1:32:13]} 5. Nc3 {[%clk 1:32:41]} Qc7
{[%clk 1:32:39]} 6. Be3 {[%clk 1:33:06]} a6 {[%clk 1:33:05]} 7. Qd2
{[%clk 1:33:32]} Nf6 {[%clk 1:28:28]} 8. O-O-O {[%clk 1:33:55]} Ne5
{[%clk 1:17:32]} 9. f3 {[%clk 1:25:20]} d6 {[%clk 1:16:36]} 10. g4
{[%clk 1:14:44]} Be7 {[%clk 1:16:00]} 11. g5 {[%clk 1:14:06]} Nfd7
{[%clk 1:15:47]} 12. Qf2 {[%clk 0:58:09]} Nc4 {[%clk 1:12:38]} 13. Bxc4
{[%clk 0:57:58]} Qxc4 {[%clk 1:13:03]} 14. Nb3 {[%clk 0:47:20]} b5
{[%clk 0:58:58]} 15. h4 {[%clk 0:34:35]} a5 {[%clk 0:51:20]} 16. Qf1
{[%clk 0:29:15]} Qxf1 {[%clk 0:46:36]} 17. Rhxf1 {[%clk 0:29:28]} Ba6
{[%clk 0:45:47]} 18. Rf2 {[%clk 0:23:22]} b4 {[%clk 0:38:22]} 19. Na4
{[%clk 0:20:28]} Ne5 {[%clk 0:30:21]} 20. Nb6 {[%clk 0:15:58]} Rb8
{[%clk 0:30:23]} 21. Nxa5 {[%clk 0:08:19]} Bd8 {[%clk 0:30:23]} 22. Rxd6
{[%clk 0:08:41]} Bc7 {[%clk 0:30:43]} 23. Rfd2 {[%clk 0:05:38]} Nxf3
{[%clk 0:25:05]} 24. Nc6 {[%clk 0:05:43]} Nxd2 {[%clk 0:24:42]} 25. Rxd2
{[%clk 0:01:39]} Rxb6 {[%clk 0:24:39]} 26. Bxb6 {[%clk 0:02:07]} Bxb6
{[%clk 0:24:43]} 27. Rd6 {[%clk 0:01:15]} Bc7 {[%clk 0:24:56]} 28. Rd4
{[%clk 0:01:40]} Bb7 {[%clk 0:23:26]} 29. Nxb4 {[%clk 0:02:04]} h6
{[%clk 0:23:43]} 30. Nd3 {[%clk 0:01:50]} hxg5 {[%clk 0:21:48]} 31. hxg5
{[%clk 0:02:19]} Rh4 {[%clk 0:21:33]} 32. g6 {[%clk 0:01:26]} f5 {[%clk 0:18:07]}
33. Rc4 {[%clk 0:00:56]} Bd6 {[%clk 0:17:35]} 34. Ra4 {[%clk 0:00:52]} fxe4
{[%clk 0:15:55]} 35. Nf2 {[%clk 0:00:50]} Bc5 {[%clk 0:16:13]} 36. Nd1
{[%clk 0:00:59]} Rh1 {[%clk 0:16:36]} 37. Kd2 {[%clk 0:01:01]} Rh2+
{[%clk 0:15:36]} 38. Kc3 {[%clk 0:01:21]} e3 {[%clk 0:15:43]} 39. Kd4 0-1

[Event "MPJ C18"]
[Site "?"]
[Date "2016.03.17"]
[Round "6.3"]
[White "Gajek, Radoslaw"]
[Black "Szostko, Jakub"]
[Result "1-0"]
[LiveChessVersion "1.4.8"]
[BlackElo "2228"]
[WhiteElo "2435"]

1. d4 {[%clk 1:30:57]} Nf6 {[%clk 1:30:52]} 2. c4 {[%clk 1:31:23]} e6
{[%clk 1:31:15]} 3. Nc3 {[%clk 1:31:50]} d5 {[%clk 1:31:35]} 4. Bg5
{[%clk 1:31:17]} Nbd7 {[%clk 1:30:38]} 5. e3 {[%clk 1:31:33]} c6 {[%clk 1:30:28]}
6. Nf3 {[%clk 1:31:51]} Qa5 {[%clk 1:30:10]} 7. Nd2 {[%clk 1:31:22]} Bb4
{[%clk 1:29:55]} 8. Qc2 {[%clk 1:31:17]} O-O {[%clk 1:28:55]} 9. Bxf6
{[%clk 1:29:07]} Nxf6 {[%clk 1:29:02]} 10. Bd3 {[%clk 1:29:10]} dxc4
{[%clk 1:26:52]} 11. Nxc4 {[%clk 1:28:31]} Qc7 {[%clk 1:27:00]} 12. O-O
{[%clk 1:24:53]} b6 {[%clk 1:26:28]} 13. Ne5 {[%clk 1:22:25]} Bb7
{[%clk 1:25:41]} 14. Nb5 {[%clk 1:10:08]} Qc8 {[%clk 1:14:32]} 15. Rac1
{[%clk 1:08:48]} a6 {[%clk 1:00:33]} 16. Nc3 {[%clk 1:00:06]} c5 {[%clk 0:41:27]}
17. Ne4 {[%clk 0:57:20]} cxd4 {[%clk 0:38:19]} 18. Nxf6+ {[%clk 0:55:17]} gxf6
{[%clk 0:38:48]} 19. Qe2 {[%clk 0:54:40]} Qd8 {[%clk 0:37:42]} 20. Qg4+
{[%clk 0:53:13]} Kh8 {[%clk 0:37:55]} 21. Qh5 {[%clk 0:52:48]} f5
{[%clk 0:36:50]} 22. Nxf7+ {[%clk 0:53:14]} Rxf7 {[%clk 0:37:16]} 23. Qxf7
{[%clk 0:53:41]} Be7 {[%clk 0:28:45]} 24. Qxe6 {[%clk 0:53:40]} Qd5
{[%clk 0:25:33]} 25. Qxd5 {[%clk 0:53:55]} Bxd5 {[%clk 0:26:02]} 26. exd4
{[%clk 0:54:04]} Rg8 {[%clk 0:25:53]} 27. g3 {[%clk 0:54:28]} Bd6
{[%clk 0:21:32]} 28. Bxf5 {[%clk 0:54:48]} h5 {[%clk 0:22:01]} 29. Rc8
{[%clk 0:54:43]} Bxa2 {[%clk 0:22:16]} 30. Ra1 {[%clk 0:55:04]} Rxc8
{[%clk 0:21:39]} 31. Bxc8 {[%clk 0:55:30]} Bc4 {[%clk 0:22:06]} 32. Bxa6
{[%clk 0:55:56]} b5 {[%clk 0:22:33]} 33. Bb7 {[%clk 0:55:44]} Be7
{[%clk 0:22:44]} 34. d5 {[%clk 0:55:38]} Kg7 {[%clk 0:23:01]} 35. Ra6
{[%clk 0:55:30]} b4 {[%clk 0:23:09]} 36. Rb6 {[%clk 0:55:47]} b3 {[%clk 0:23:24]}
37. d6 {[%clk 0:56:01]} Bd8 {[%clk 0:23:46]} 38. Rc6 {[%clk 0:56:21]} Be6
{[%clk 0:23:58]} 39. Bc8 {[%clk 0:55:35]} Bf7 {[%clk 0:24:05]} 40. Ba6
{[%clk 1:25:38]} Bf6 {[%clk 0:53:39]} 41. d7 {[%clk 1:25:59]} 1-0

[Event "MPJ C18"]
[Site "?"]
[Date "2016.03.17"]
[Round "6.4"]
[White "Nowak, Kamil"]
[Black "Osinski, Emil"]
[Result "1-0"]
[LiveChessVersion "1.4.8"]
[BlackElo "2017"]
[WhiteElo "2339"]

1. e4 {[%clk 1:30:31]} c6 {[%clk 1:30:41]} 2. d4 {[%clk 1:30:21]} g6
{[%clk 1:30:38]} 3. Nc3 {[%clk 1:30:02]} Bg7 {[%clk 1:30:07]} 4. Nf3
{[%clk 1:30:25]} d5 {[%clk 1:29:42]} 5. h3 {[%clk 1:30:27]} dxe4 {[%clk 1:29:03]}
6. Nxe4 {[%clk 1:30:53]} Nd7 {[%clk 1:27:48]} 7. Bc4 {[%clk 1:30:20]} Ngf6
{[%clk 1:26:24]} 8. Nxf6+ {[%clk 1:30:43]} Nxf6 {[%clk 1:26:33]} 9. O-O
{[%clk 1:30:58]} O-O {[%clk 1:26:27]} 10. Re1 {[%clk 1:30:39]} Nd5
{[%clk 1:18:41]} 11. c3 {[%clk 1:30:25]} a5 {[%clk 1:13:56]} 12. Qe2
{[%clk 1:28:01]} e6 {[%clk 1:11:59]} 13. a4 {[%clk 1:24:55]} Qc7 {[%clk 1:07:38]}
14. Ne5 {[%clk 1:20:46]} b6 {[%clk 1:00:20]} 15. Ng4 {[%clk 1:20:23]} Bb7
{[%clk 0:44:07]} 16. Bxd5 {[%clk 1:19:13]} cxd5 {[%clk 0:42:52]} 17. Bg5
{[%clk 1:17:58]} Kh8 {[%clk 0:35:10]} 18. Qe3 {[%clk 1:13:18]} f5
{[%clk 0:30:37]} 19. Nh2 {[%clk 1:11:51]} Rae8 {[%clk 0:29:26]} 20. Bf4
{[%clk 1:12:11]} Qd7 {[%clk 0:27:44]} 21. Nf3 {[%clk 1:09:51]} Kg8
{[%clk 0:25:21]} 22. Be5 {[%clk 1:08:20]} Bxe5 {[%clk 0:21:15]} 23. Nxe5
{[%clk 1:07:49]} Qd6 {[%clk 0:18:30]} 24. Qf4 {[%clk 1:06:41]} Qd8
{[%clk 0:14:07]} 25. h4 {[%clk 1:06:03]} Re7 {[%clk 0:13:16]} 26. Re3
{[%clk 1:02:36]} Rfe8 {[%clk 0:12:29]} 27. Rae1 {[%clk 1:01:07]} Rg7
{[%clk 0:10:39]} 28. Rg3 {[%clk 0:54:23]} Bc8 {[%clk 0:09:22]} 29. Ree3
{[%clk 0:52:33]} Rf8 {[%clk 0:09:01]} 30. Rg5 {[%clk 0:51:47]} Qe8
{[%clk 0:09:05]} 31. h5 {[%clk 0:49:25]} Qxa4 {[%clk 0:04:47]} 32. Rh3
{[%clk 0:47:50]} Qd1+ {[%clk 0:04:12]} 33. Kh2 {[%clk 0:48:17]} Qe2
{[%clk 0:02:56]} 34. hxg6 {[%clk 0:47:42]} Qe4 {[%clk 0:03:00]} 35. gxh7+
{[%clk 0:47:12]} Kh8 {[%clk 0:03:19]} 36. Qxe4 {[%clk 0:46:57]} dxe4
{[%clk 0:03:03]} 37. Ng6+ {[%clk 0:45:28]} Rxg6 {[%clk 0:03:26]} 38. Rxg6
{[%clk 0:45:56]} f4 {[%clk 0:03:49]} 39. Rh4 {[%clk 0:45:20]} e3 {[%clk 0:02:27]}
40. fxe3 {[%clk 1:15:41]} fxe3 {[%clk 0:32:54]} 41. Rg8+ {[%clk 1:15:58]} Rxg8
{[%clk 0:33:17]} 42. hxg8=Q+ {[%clk 1:16:20]} Kxg8 {[%clk 0:33:43]} 43. Re4
{[%clk 1:16:44]} Ba6 {[%clk 0:30:37]} 44. Rxe3 {[%clk 1:17:11]} Bc4
{[%clk 0:31:02]} 45. Kg3 {[%clk 1:17:05]} Kf7 {[%clk 0:31:28]} 46. Kf4
{[%clk 1:17:25]} Kf6 {[%clk 0:31:52]} 47. g4 {[%clk 1:17:49]} a4 {[%clk 0:32:07]}
48. Rh3 {[%clk 1:17:32]} b5 {[%clk 0:32:15]} 49. Rh6+ {[%clk 1:17:52]} Kg7
{[%clk 0:32:40]} 50. g5 {[%clk 1:18:17]} 1-0

[Event "MPJ C18"]
[Site "?"]
[Date "2016.03.17"]
[Round "6.5"]
[White "Molenda, Marcin"]
[Black "Kucza, Karol"]
[Result "*"]
[LiveChessVersion "1.4.8"]
[BlackElo "2310"]
[WhiteElo "2142"]

1. d4 {[%clk 1:30:12]} d5 {[%clk 1:30:40]} 2. Nf3 {[%clk 1:30:37]} Nf6
{[%clk 1:31:03]} 3. c4 {[%clk 1:31:03]} c6 {[%clk 1:31:18]} 4. Qc2
{[%clk 1:31:30]} dxc4 {[%clk 1:30:40]} 5. Qxc4 {[%clk 1:31:55]} e6
{[%clk 1:31:03]} 6. g3 {[%clk 1:30:46]} b5 {[%clk 1:31:19]} 7. Qc2
{[%clk 1:30:09]} Bb7 {[%clk 1:31:25]} 8. Bg2 {[%clk 1:30:18]} Nbd7
{[%clk 1:30:11]} 9. O-O {[%clk 1:29:25]} c5 {[%clk 1:30:10]} 10. Nbd2
{[%clk 1:04:26]} Rc8 {[%clk 1:27:35]} 11. dxc5 {[%clk 0:56:36]} Bxc5
{[%clk 1:27:16]} 12. Qd3 {[%clk 0:56:05]} Qb6 {[%clk 1:24:36]} 13. Nb3
{[%clk 0:49:04]} Nb8 *

[Event "MPJ C18"]
[Site "?"]
[Date "2016.03.17"]
[Round "6.6"]
[White "Chomczyk, Marek"]
[Black "Piotrowski, Przemyslaw"]
[Result "1-0"]
[LiveChessVersion "1.4.8"]
[BlackElo "2140"]
[WhiteElo "2229"]

1. e4 {[%clk 1:30:56]} c5 {[%clk 1:30:53]} 2. Nf3 {[%clk 1:31:21]} d6
{[%clk 1:31:14]} 3. d4 {[%clk 1:31:46]} cxd4 {[%clk 1:31:35]} 4. Nxd4
{[%clk 1:32:11]} Nf6 {[%clk 1:31:39]} 5. Nc3 {[%clk 1:32:33]} a6 {[%clk 1:31:58]}
6. Be3 {[%clk 1:32:36]} e5 {[%clk 1:32:21]} 7. Nb3 {[%clk 1:33:02]} Be6
{[%clk 1:32:38]} 8. f3 {[%clk 1:33:15]} h5 {[%clk 1:32:49]} 9. Qd2
{[%clk 1:33:32]} Nbd7 {[%clk 1:33:02]} 10. O-O-O {[%clk 1:33:29]} Rc8
{[%clk 1:32:44]} 11. Kb1 {[%clk 1:33:48]} b5 {[%clk 1:31:51]} 12. Nd5
{[%clk 1:30:30]} Bxd5 {[%clk 1:31:10]} 13. exd5 {[%clk 1:30:56]} Nb6
{[%clk 1:29:33]} 14. Bxb6 {[%clk 1:26:47]} Qxb6 {[%clk 1:29:18]} 15. Bd3
{[%clk 1:12:23]} g6 {[%clk 1:28:09]} 16. Qe2 {[%clk 1:06:13]} Bh6
{[%clk 1:27:47]} 17. g4 {[%clk 1:05:35]} O-O {[%clk 1:21:47]} 18. Qg2
{[%clk 0:55:25]} Be3 {[%clk 1:04:58]} 19. Be4 {[%clk 0:47:08]} a5
{[%clk 1:01:01]} 20. Nd2 {[%clk 0:46:44]} Rc7 {[%clk 0:51:54]} 21. Nf1
{[%clk 0:43:32]} Bf4 {[%clk 0:34:02]} 22. gxh5 {[%clk 0:40:54]} Nxh5
{[%clk 0:34:13]} 23. Ng3 {[%clk 0:41:00]} Ng7 {[%clk 0:30:57]} 24. Bd3
{[%clk 0:40:18]} f5 {[%clk 0:26:18]} 25. Ne2 {[%clk 0:38:28]} Rf6
{[%clk 0:24:24]} 26. Nxf4 {[%clk 0:38:38]} exf4 {[%clk 0:24:52]} 27. Rhg1
{[%clk 0:30:59]} Nh5 {[%clk 0:21:10]} 28. Qe2 {[%clk 0:29:25]} Qe3
{[%clk 0:20:46]} 29. Bxb5 {[%clk 0:22:25]} Qxe2 {[%clk 0:17:08]} 30. Bxe2
{[%clk 0:22:52]} Re7 {[%clk 0:17:24]} 31. Rd2 {[%clk 0:19:59]} Re3
{[%clk 0:16:28]} 32. c4 {[%clk 0:20:08]} Kg7 {[%clk 0:16:01]} 33. Rc1
{[%clk 0:19:06]} Rf8 {[%clk 0:13:58]} 34. c5 {[%clk 0:19:01]} Nf6
{[%clk 0:13:49]} 35. c6 {[%clk 0:16:14]} Nxd5 {[%clk 0:13:15]} 36. Rxd5
{[%clk 0:15:41]} Rxe2 {[%clk 0:13:40]} 37. Rxa5 {[%clk 0:12:22]} Rc8
{[%clk 0:13:16]} 38. b4 {[%clk 0:09:34]} Kf6 {[%clk 0:13:10]} 39. h4
{[%clk 0:09:11]} Ke6 {[%clk 0:12:21]} 40. Ra7 {[%clk 0:39:16]} Kd5
{[%clk 0:40:53]} 41. b5 {[%clk 0:39:16]} Rd2 {[%clk 0:37:48]} 42. b6
{[%clk 0:38:12]} Rxc6 {[%clk 0:37:25]} 43. Ra5+ {[%clk 0:38:35]} 1-0

[Event "MPJ C18"]
[Site "?"]
[Date "2016.03.17"]
[Round "6.7"]
[White "Wisniewski, Michal"]
[Black "Michalski, Filip"]
[Result "1-0"]
[LiveChessVersion "1.4.8"]
[BlackElo "2155"]
[WhiteElo "2273"]

1. e4 {[%clk 1:30:45]} e6 {[%clk 1:30:48]} 2. d4 {[%clk 1:31:03]} d5
{[%clk 1:31:14]} 3. Nc3 {[%clk 1:27:47]} Nc6 {[%clk 1:31:40]} 4. e5
{[%clk 1:25:07]} f6 {[%clk 1:30:51]} 5. Bb5 {[%clk 1:23:08]} Bd7 {[%clk 1:30:49]}
6. Nf3 {[%clk 1:22:16]} a6 {[%clk 1:30:33]} 7. Bxc6 {[%clk 1:21:10]} Bxc6
{[%clk 1:30:57]} 8. O-O {[%clk 1:20:43]} Qd7 {[%clk 1:31:11]} 9. a4
{[%clk 1:19:50]} O-O-O {[%clk 1:20:50]} 10. b3 {[%clk 1:16:48]} Re8
{[%clk 1:15:20]} 11. Na2 Kb8 12. Bd2 f5 13. Bb4 Ne7 14. Nc1 h6 15. Nd3 g5 16. c3
Ng6 17. Bxf8 Rexf8 18. b4 b6 19. b5 axb5 20. a5 Kb7 21. Nd2 Nf4 22. Nb4 Ra8 23.
Nb3 Rhb8 24. Qd2 Qe8 25. Ra3 Kc8 26. Rfa1 Kd7 27. Qa2 Bb7 28. axb6 Rxa3 29. Qxa3
Ra8 30. Nc5+ Ke7 31. Nba6 Bxa6 32. Nxa6+ Kf7 33. b7 Rd8 34. Nxc7 Qd7 35. Qa5 Nd3
36. Qb6 1-0

[Event "MPJ C18"]
[Site "?"]
[Date "2016.03.17"]
[Round "6.8"]
[White "Snihur, Piotr"]
[Black "Mockun, Dawid"]
[Result "*"]
[LiveChessVersion "1.4.8"]
[BlackElo "1933"]
[WhiteElo "2271"]

1. d4 {[%clk 1:30:45]} d5 {[%clk 1:30:40]} 2. c4 {[%clk 1:31:06]} e6
{[%clk 1:31:02]} 3. Nc3 {[%clk 1:31:22]} Nf6 {[%clk 1:31:26]} 4. cxd5
{[%clk 1:31:12]} exd5 {[%clk 1:31:48]} 5. Bg5 {[%clk 1:31:36]} c6
{[%clk 1:32:11]} 6. Qc2 {[%clk 1:31:44]} Be7 {[%clk 1:32:18]} 7. e3
{[%clk 1:32:08]} Nbd7 {[%clk 1:32:33]} 8. Bd3 {[%clk 1:32:27]} O-O
{[%clk 1:32:33]} 9. Nge2 {[%clk 1:32:27]} Re8 {[%clk 1:32:33]} 10. O-O
{[%clk 1:32:27]} Nf8 {[%clk 1:32:33]} 11. f3 {[%clk 1:32:27]} Ng6
{[%clk 1:21:09]} 12. Rad1 {[%clk 1:31:19]} Bd6 {[%clk 1:14:25]} 13. Kh1
{[%clk 1:28:49]} h6 {[%clk 1:14:46]} 14. Bxf6 {[%clk 1:28:17]} Qxf6
{[%clk 1:15:11]} 15. e4 {[%clk 1:27:04]} dxe4 {[%clk 1:04:50]} 16. fxe4
{[%clk 1:25:15]} Qg5 {[%clk 1:03:30]} 17. e5 Bc7 {[%clk 1:03:30]} 18. Ne4 Qh4
{[%clk 1:03:30]} 19. Nf6+ *

[Event "MPJ C18"]
[Site "?"]
[Date "2016.03.17"]
[Round "6.9"]
[White "Kanicki, Krzysztof"]
[Black "Fukowski, Pawel"]
[Result "1/2-1/2"]
[LiveChessVersion "1.4.8"]
[BlackElo "1966"]
[WhiteElo "2208"]

1. e4 e6 2. d4 d5 3. Nd2 Nf6 4. e5 Nfd7 5. Bd3 c5 6. c3 Nc6 7. Ne2 cxd4 8. cxd4
f6 9. Nf4 Nxd4 10. Qh5+ Ke7 11. exf6+ Nxf6 12. Ng6+ hxg6 13. Qxh8 Kf7 14. O-O e5
15. Nb3 Nxb3 16. axb3 Bf5 17. Bxf5 gxf5 18. Bg5 Bc5 19. Qh3 Qd7 20. b4 Bb6 21.
Kh1 d4 22. Bxf6 Kxf6 23. Qh4+ Kf7 24. Qh5+ Kg8 25. Ra3 d3 26. Qd1 e4 27. Qd2 Rd8
28. Rd1 Qd4 29. Kg1 Kf7 30. h4 g6 31. Rc3 Qe5 32. Kh1 f4 33. Qe1 Rh8 34. Rcxd3
Rxh4+ 35. Rh3 Rxh3+ 36. gxh3 Qh5 37. Kh2 Qf3 38. Rd2 e3 39. fxe3 fxe3 40. Re2 g5
41. Qd1 Bc7+ 42. Kg1 Bf4 43. Qd7+ Kf6 44. Qd8+ Kf7 45. Qd7+ Kf6 46. Qd8+ Kf5 47.
Qd7+ Ke5 48. Qe7+ Kd4 49. Qc5+ Ke4 50. Qc4+ Ke5 51. Qc7+ 1/2-1/2

[Event "MPJ C18"]
[Site "?"]
[Date "2016.03.17"]
[Round "6.10"]
[White "Januszkiewicz, Wojciech"]
[Black "Smieszek, Wojciech"]
[Result "0-1"]
[LiveChessVersion "1.4.8"]
[BlackElo "2182"]
[WhiteElo "1922"]

1. e4 Nf6 2. Nc3 d6 3. d4 c6 4. Be3 Qa5 5. Bd3 g6 6. Nge2 Bg7 7. h3 O-O 8. O-O e5
9. Rb1 Nbd7 10. b4 Qc7 11. dxe5 dxe5 12. Na4 Rd8 13. c4 Nf8 14. Qc2 Ne6 15. c5
Nf4 16. Rfd1 Nxd3 17. Rxd3 Rxd3 18. Qxd3 Nxe4 19. Rd1 Bf5 20. Qc4 Rd8 21. Qc1
Rxd1+ 22. Qxd1 Qd7 23. Qxd7 Bxd7 24. Nac3 Nxc3 25. Nxc3 f5 26. f3 Be6 27. Bd2 Bc4
28. Kf2 Kf7 29. g3 Ke6 30. a3 Kd7 31. Nd1 Kc7 32. Bc3 Kd7 33. f4 Ke6 34. Nb2 Ba6
35. h4 Bf6 36. fxe5 Bxe5 37. Bxe5 Kxe5 38. Ke3 h6 39. Nd1 g5 40. Nf2 Bf1 41. h5
Bc4 42. Kf3 Bd5+ 43. Ke3 f4+ 44. gxf4+ gxf4+ 45. Kd3 Bf3 0-1

[Event "MPJ C18"]
[Site "?"]
[Date "2016.03.17"]
[Round "6.11"]
[White "Zylka, Stanislaw"]
[Black "Winiarski, Mikolaj"]
[Result "1-0"]
[LiveChessVersion "1.4.8"]
[BlackElo "2037"]
[WhiteElo "2180"]

1. e4 c6 2. d4 d5 3. Nc3 dxe4 4. Nxe4 Bf5 5. Ng3 Bg6 6. Nh3 e6 7. Nf4 Bd6 8. Nfh5
Bxh5 9. Nxh5 g6 10. Ng3 Nf6 11. Bg5 Qa5+ 12. Qd2 Qxd2+ 13. Bxd2 Nbd7 14. O-O-O
O-O-O 15. Be2 h5 16. f3 Rde8 17. Bc4 h4 18. Ne4 Nxe4 19. fxe4 f6 20. c3 Rh7 21.
Kc2 e5 22. Bd3 Rhe7 23. b4 Bc7 24. Rdf1 Rh7 25. Be1 Reh8 26. a3 Kd8 27. Bd2 Ke7
28. Bc4 a6 29. Bb3 b5 30. a4 Bb6 31. Be3 Rd8 32. Re1 Bc7 33. Ra1 Nb8 34. axb5
cxb5 35. Bd5 Bb6 36. Kd3 exd4 37. cxd4 Kf8 38. Rhf1 Kg7 39. Bf4 Rhh8 40. Rfc1 Rd7
41. Bxb8 Rxb8 42. Rxa6 f5 43. Rc6 fxe4+ 44. Kxe4 Rbd8 45. Be6 Rxd4+ 46. Ke5 Rd2
47. Rcxb6 Re2+ 48. Kf4 Rf8+ 49. Kg4 Rxg2+ 50. Kh3 Rff2 51. Bd5 Rxh2+ 52. Kg4 Rf1
53. Rxg6+ Kf8 54. Ra8+ Ke7 55. Ra7+ 1-0

[Event "MPJ C18"]
[Site "?"]
[Date "2016.03.17"]
[Round "6.12"]
[White "Wacior, Maciej"]
[Black "Zarnowski, Krzysztof"]
[Result "0-1"]
[LiveChessVersion "1.4.8"]
[BlackElo "1940"]
[WhiteElo "2090"]

1. Nf3 {[%clk 1:30:57]} c5 {[%clk 1:30:36]} 2. e3 {[%clk 1:31:20]} Nf6
{[%clk 1:29:03]} 3. b3 {[%clk 1:31:26]} g6 {[%clk 1:27:28]} 4. Bb2
{[%clk 1:31:50]} Bg7 {[%clk 1:27:50]} 5. c4 {[%clk 1:31:49]} O-O {[%clk 1:27:50]}
6. Nc3 {[%clk 1:30:32]} Nc6 {[%clk 1:27:02]} 7. d4 {[%clk 1:25:13]} cxd4
{[%clk 1:26:46]} 8. Nxd4 {[%clk 1:25:24]} d5 {[%clk 1:22:54]} 9. Be2
{[%clk 1:21:55]} Nxd4 {[%clk 1:16:46]} 10. Qxd4 {[%clk 1:22:04]} Ne4
{[%clk 1:12:03]} 11. Qd3 {[%clk 1:20:52]} Bf5 {[%clk 1:05:46]} 12. g4
{[%clk 1:15:48]} Nxf2 {[%clk 1:04:05]} 13. Qd2 {[%clk 1:16:04]} Nxg4
{[%clk 0:46:35]} 14. Nxd5 {[%clk 1:14:47]} e6 {[%clk 0:45:04]} 15. Bxg7
{[%clk 1:09:40]} Qh4+ {[%clk 0:44:08]} 16. Kd1 {[%clk 1:10:07]} Kxg7
{[%clk 0:38:20]} 17. Qc3+ {[%clk 1:05:59]} f6 {[%clk 0:37:13]} 18. Nc7
{[%clk 0:58:55]} Nf2+ {[%clk 0:35:04]} 19. Kc1 {[%clk 0:59:21]} Nxh1
{[%clk 0:33:11]} 20. Nxa8 Rxa8 {[%clk 0:33:08]} 21. Kb2 {[%clk 0:59:45]} Qxh2
{[%clk 0:31:47]} 22. Ka3 {[%clk 0:58:49]} Qxe2 {[%clk 0:29:02]} 23. Rxh1
{[%clk 0:59:13]} Rd8 {[%clk 0:26:13]} 0-1

[Event "MPJ C18"]
[Site "?"]
[Date "2016.03.17"]
[Round "6.13"]
[White "Smal, Tobiasz"]
[Black "Buraczewski, Rafal"]
[Result "0-1"]
[LiveChessVersion "1.4.8"]
[BlackElo "1973"]
[WhiteElo "2017"]

1. e4 {[%clk 1:25:37]} e6 {[%clk 1:29:58]} 2. Qe2 {[%clk 1:24:56]} d5
{[%clk 1:20:41]} 3. exd5 {[%clk 1:25:03]} Qxd5 {[%clk 1:21:04]} 4. Nf3
{[%clk 1:24:47]} Nf6 {[%clk 1:19:25]} 5. g3 {[%clk 1:24:16]} c6 {[%clk 1:19:00]}
6. Bg2 {[%clk 1:24:27]} Qa5 {[%clk 1:16:53]} 7. O-O {[%clk 1:24:42]} Bd6
{[%clk 1:16:26]} 8. d4 {[%clk 1:24:30]} O-O {[%clk 1:03:38]} 9. Nbd2
{[%clk 1:23:01]} Qd8 {[%clk 1:01:01]} 10. Nc4 {[%clk 1:22:40]} Bc7
{[%clk 1:01:31]} 11. a4 {[%clk 1:21:51]} Nbd7 {[%clk 1:00:49]} 12. b3
{[%clk 1:19:35]} Re8 {[%clk 1:00:38]} 13. Ba3 {[%clk 1:16:46]} Nf8
{[%clk 0:51:05]} 14. Rad1 {[%clk 1:15:28]} Nd5 {[%clk 0:51:21]} 15. Qd3
{[%clk 1:13:21]} Rb8 {[%clk 0:48:19]} 16. Ne3 {[%clk 1:11:27]} b5
{[%clk 0:44:57]} 17. axb5 {[%clk 1:09:55]} cxb5 {[%clk 0:41:26]} 18. Bc5
{[%clk 1:04:09]} a6 {[%clk 0:41:06]} 19. Ne5 {[%clk 0:59:20]} Bb7
{[%clk 0:38:56]} 20. Nxd5 {[%clk 0:54:21]} exd5 {[%clk 0:38:24]} 21. Qf5
{[%clk 0:51:32]} Bxe5 {[%clk 0:37:33]} 22. dxe5 {[%clk 0:51:37]} Qc8
{[%clk 0:37:27]} 23. Qxc8 {[%clk 0:50:26]} Rbxc8 {[%clk 0:37:38]} 24. Bd6
{[%clk 0:48:09]} Rxc2 {[%clk 0:36:29]} 25. b4 {[%clk 0:48:02]} Nd7
{[%clk 0:35:12]} 26. Bxd5 {[%clk 0:48:05]} Bxd5 {[%clk 0:35:19]} 27. Rxd5
{[%clk 0:48:26]} Nb6 {[%clk 0:32:49]} 28. Rd3 {[%clk 0:47:44]} Nc4
{[%clk 0:32:41]} 29. Ra1 {[%clk 0:46:43]} Ra8 {[%clk 0:29:54]} 30. f4
{[%clk 0:46:07]} h6 {[%clk 0:29:41]} 31. Rd5 {[%clk 0:45:10]} Rd2
{[%clk 0:24:46]} 32. Rxd2 {[%clk 0:45:27]} Nxd2 {[%clk 0:25:13]} 33. Kf2
{[%clk 0:45:18]} Nc4 {[%clk 0:25:20]} 34. Kf3 {[%clk 0:45:12]} f5
{[%clk 0:15:20]} 35. Bc5 {[%clk 0:43:07]} Kf7 {[%clk 0:12:02]} 36. g4
{[%clk 0:41:34]} fxg4+ {[%clk 0:09:42]} 37. Kxg4 {[%clk 0:41:30]} Ke6
{[%clk 0:09:55]} 38. h4 {[%clk 0:38:35]} a5 {[%clk 0:07:20]} 39. h5
{[%clk 0:35:08]} a4 {[%clk 0:07:10]} 40. Re1 {[%clk 1:05:10]} a3 {[%clk 0:35:10]}
41. f5+ {[%clk 1:05:35]} Kd5 {[%clk 0:33:10]} 42. e6 {[%clk 1:04:39]} Ne5+
{[%clk 0:33:20]} 43. Kg3 {[%clk 1:04:13]} Nd3 {[%clk 0:32:56]} 44. Rd1
{[%clk 1:01:37]} Kc4 {[%clk 0:32:49]} 45. Bd6 {[%clk 0:58:30]} a2
{[%clk 0:32:20]} 46. e7 {[%clk 0:58:52]} Nxb4 {[%clk 0:28:30]} 47. Ra1
{[%clk 0:48:45]} Re8 {[%clk 0:23:03]} 48. Kg4 {[%clk 0:44:51]} Kb3
{[%clk 0:21:16]} 49. f6 {[%clk 0:44:09]} gxf6 {[%clk 0:21:16]} 50. Bxb4
{[%clk 0:43:24]} Kxb4 {[%clk 0:21:40]} 51. Rxa2 {[%clk 0:43:46]} Rxe7
{[%clk 0:22:08]} 52. Kf5 {[%clk 0:44:06]} Rg7 {[%clk 0:22:12]} 0-1